01472nam a2200217Ia 4500008004100000020001500041050002400056100003200080245011800112250001800230260003400248300003700282336001000319337001400329338001200343505044500355520034000800650002801140650003901168700004701207120720s2000 mx d 000 0 spa d a9702600065 aHF5387 bV4518 2000 aVelasquez, Manuel G.eautor aEtica en los negociosb : conceptos y acasosc / Manuel G. Velasquez ; traduccion Roberto Luis Escalona García a4a. edición aMéxico b : Pearsonc, 2000 ax, 520 páginas b : gráficas atexto asin medio avolumen aPrincipios básicos Ética y negocios Principios de ética en los negocios El mercado y los negocios El sistema comercial La ética en el mercado Los negocios y sus intercambios externos Ética y medio ambiente La ética de la producción para el consumidor y el marketing Cuarta parte: La empresa y sus grupos internos que la componen 7. La ética de la discriminación en el empleo 8. El individuo en la organización. aResumen del Libro: Cuatro clases de principios morales, luego aplica la teoría resultante a cuestiones, la ética de los mercados y los precios, sobre problemas ecológicos y del consumidor como también asuntos relacionados con el empleo todo y más encontraras para tener un amplio conocimiento sobre ética en los negocios. 10aÉTICA EN LOS NEGOCIOS20aÉTICA EN LOS NEGOCIOS xESTUDIOS aEscalona García, Roberto Luisetraductor